000 00324nam a22001457a 4500
008 210312b ||||| |||| 00| 0 eng d
020 _a9781788286107
041 _aeng
080 _a030
082 _a030
100 _a23
101 _aENC
245 _aChildren's Human Body Encyclopedia
_cHibbert, C
942 _2udc
_cBK
999 _c56488
_d56488